| 000 | 00784nam a2200265 a 4500 | ||
|---|---|---|---|
| 008 | |||
| 020 | _a0582450888 (pbk.) | ||
| 049 | _aMAIN | ||
| 090 | _aQC793.3.S8 | ||
| 100 | 1 | _aBurcham, W. E. | |
| 245 | 1 | 0 |
_aNuclear and particle physics / _cW.E. Burcham and M. Jobes. |
| 260 |
_aHarlow, England : _bLongman, _cc1995. |
||
| 300 |
_axiv, 752 p. ; _c25 cm. |
||
| 504 | _aIncludes bibliographical references. | ||
| 500 | _aIncludes index. | ||
| 650 | 0 | _aNuclear structure. | |
| 650 | 0 |
_aParticles (Nuclear physics) _xMeasurement. |
|
| 650 | 0 | _aParticle acceleration. | |
| 700 | 1 | _aJobes, M. | |
| 907 |
_a.b10012692 _b09-06-04 _c17-04-03 |
||
| 003 | |||
| 005 | 20230123133534.0 | ||
| 040 | _cNUST | ||
| 942 |
_cBOOKS _kQC793.3.S8 |
||
| 999 |
_c150358 _d150358 |
||